| 000 | 00417nam a22001697a 4500 | ||
|---|---|---|---|
| 005 | 20160525120906.0 | ||
| 008 | 160525b xxu||||| |||| 00| 0 eng d | ||
| 020 | _a0333-93069-0 | ||
| 041 | _aeng | ||
| 082 | _b4856 | ||
| 100 |
_aJain, P.K. & Others _91227 |
||
| 245 | _aInternational Financial Mgt. | ||
| 260 |
_aNew Delhi _bAcademic Faundation _c2003 |
||
| 300 | _a328 | ||
| 650 |
_aManagement _9241 |
||
| 942 | _cBK | ||
| 999 |
_c1684 _d1683 |
||